000 00518nam a2200145 a 4500
001 000045067
005 20201002045842.0
008 110411s1986 dr 000 0 spa d
040 _aDO-SdBNP
_bspa
_cBNPHU
100 1 _aDe la Rosa, Víctor R.
_953727
245 1 0 _aEfectos financieros del nuevo código de trabajo /. :
_bTeoría y casos prácticos /
_cVíctor R. de la Rosa.
260 _aSanto Domingo :
_bGente,
_c1986.
300 _a51 p. ;
_c22 cm.
500 _aIncluye datos biografícos del autor en la contraportada
999 _c44556
_d44556